000 00693nam a2200229 i 4500
001 185416
003 SpMaBN
005 20250806012933.0
008 160601s2003 sp a |||| |dspa d
020 _a84-414-0303-1
080 _a61(510)
100 1 _aMarié, Eric.
_9159718
245 1 0 _aCompendio de medicina china
_b: fundamentos, teoría y práctica /
_cEric Marié.
250 _a5ª ed.
260 _aMadrid :
_bEdaf,
_c2003.
300 _a335 p. :
_bil. ;
_c23 cm.
490 1 _aPlus vitae ;
_v180
650 7 _aMedicina china
_2embne
_9159719
830 0 _aPlus vitae ;
_v180
_9192329
852 _aES-MaACL
_jL-30303
_z. - Donat. Miguel A. Velasco
999 _c185416
_d185416